For love and money (Record no. 93328)
[ view plain ]
| 000 -LEADER | |
|---|---|
| fixed length control field | 01241nam a2200301 a 4500 |
| 100 1# - MAIN ENTRY--AUTHOR NAME | |
| Personal name | Vivanco, Laura. |
| 245 10 - TITLE STATEMENT | |
| Title | For love and money |
| 260 ## - PUBLICATION, DISTRIBUTION, ETC. (IMPRINT) | |
| Place of publication | Tirril [England] ; |
| -- | Penrith, Calif. : |
| Name of publisher | Humanities - Ebooks.co.uk, |
| Year of publication | 2011. |
| 300 ## - PHYSICAL DESCRIPTION | |
| Number of Pages | 230 p. |
| 490 0# - SERIES STATEMENT | |
| Series statement | Genre fiction monographs |
| 650 #0 - SUBJECT ADDED ENTRY--TOPICAL TERM | |
| Topical Term | Popular literature |
| Topical Term | Fiction |
| 856 40 - ELECTRONIC LOCATION AND ACCESS | |
| Uniform Resource Identifier | http://site.ebrary.com/lib/rucke/Doc?id=10567339 |
No items available.
